000 00310nam a22001337a 4500
008 171010b xxu||||| |||| 00| 0 eng d
020 _a0442207980
041 _aeng
080 _a316
100 _a50
101 _aSOC
245 _aHANDBOOK OF AGING AND THE SOCIAL SCIENCES
_cBINSTOCK,R.H
942 _2udc
_cBK
999 _c32984
_d32984